00670nam a22002057a 4500003001100000005001700011008004100028040003900069041000800108082001300116100002200129245002100151260003700172300004300209650007400252700002800326942000700354952008800361999001500449LK-CoMWRAF20231025225451.0231025b |||||||| |||| 00| 0 eng d aLK-CoMWRAFdLK-CoMWRAFeLK-CoMWRAF aeng a821bCHA aChaucer, Geoffrey aCanterbury tales aLondon? : bJohn Deuss?, c1986? a2 v. (various pagings) : ill. ; 59 cm. aChristian pilgrims and pilgrimages -- England -- Canterbury -- Poetry aCoghill, Nevill econt. cBK 00104070aMAINbMAINd2023-10-25l0o821 CHApRAF2443r2023-10-25w2023-10-25yBK c4000d4000